000 00248nam a22001217a 4500
082 _a823
_bHAN
100 _aG, HANNAH
245 _aCINDRELLA
260 _aTHRISSUR
_bH&C
_c2010
300 _a32
650 _aENGLISH SHORT STORY
_zKERALA
942 _cBK
999 _c3519
_d3519